इबारत से घिरी मात्राएँ / (Record no. 113226)

MARC details
000 -LEADER
fixed length control field 01144nam a22002777a 4500
003 - CONTROL NUMBER IDENTIFIER
control field dpl
005 - DATE AND TIME OF LATEST TRANSACTION
control field 20190123115831.0
008 - FIXED-LENGTH DATA ELEMENTS--GENERAL INFORMATION
fixed length control field 190123b ||||| |||| 00| 0 eng d
010 ## - LIBRARY OF CONGRESS CONTROL NUMBER
LC control number B-075290
020 ## - INTERNATIONAL STANDARD BOOK NUMBER
Terms of availability 140.00
International Standard Book Number 8187482230
035 ## - SYSTEM CONTROL NUMBER
System control number B-075290, B-075294
037 ## - SOURCE OF ACQUISITION
Source of stock number/acquisition Cen Lib/Ret
040 ## - CATALOGING SOURCE
Original cataloging agency DPL
Language of cataloging HN
Transcribing agency 0
082 ## - DEWEY DECIMAL CLASSIFICATION NUMBER
Classification number 821
Item number वाजपे
100 ## - MAIN ENTRY--PERSONAL NAME
Personal name वाजपेयी, अशोक
9 (RLIN) 51215
245 ## - TITLE STATEMENT
Title इबारत से घिरी मात्राएँ /
Statement of responsibility, etc अशोक वाजपेयी
246 ## - VARYING FORM OF TITLE
Title proper/short title Ibarat se ghiri matrayean /
Remainder of title by Ashok Vajpeyi
260 ## - PUBLICATION, DISTRIBUTION, ETC. (IMPRINT)
Place of publication, distribution, etc बीकानेर
Name of publisher, distributor, etc वाग्देवी प्रकाशन
Date of publication, distribution, etc 2002
270 ## - ADDRESS
City बीकानेर
Postal code 3344001
Address सुगन निवास, चंदंसागर
300 ## - PHYSICAL DESCRIPTION
Extent 144पृ.
Dimensions 22सेमी(सजिल्द)
650 ## - SUBJECT ADDED ENTRY--TOPICAL TERM
Topical term or geographic name as entry element हिंदी साहित्य
9 (RLIN) 51216
650 ## - SUBJECT ADDED ENTRY--TOPICAL TERM
Topical term or geographic name as entry element हिंदी साहित्य -- कविता
9 (RLIN) 51217
650 ## - SUBJECT ADDED ENTRY--TOPICAL TERM
Topical term or geographic name as entry element Hindi literature
9 (RLIN) 51218
650 ## - SUBJECT ADDED ENTRY--TOPICAL TERM
Topical term or geographic name as entry element Hindi literature -- Poetry
9 (RLIN) 51219
942 ## - ADDED ENTRY ELEMENTS (KOHA)
Source of classification or shelving scheme Dewey Decimal Classification
Koha item type Hindi Books
Classification part 821
Call number suffix वाजपे
Holdings
Withdrawn status Lost status Damaged status Not for loan Home library Current library Date acquired Source of acquisition Cost, normal purchase price Total Checkouts Full call number Barcode Date last seen Copy number Cost, replacement price Price effective from Koha item type Source of classification or shelving scheme Collection code
        Central Library Central Library 11/08/2015 Cen Lib/Ret 140.00   821 वाजपे B-075290 11/08/2015 1 140.00 11/08/2015 Hindi Books    
        Central Library Central Library 24/10/2016 Cen Lib/Ret 140.00   821 वाजपे B-081668 24/10/2016 2 140.00 24/10/2016 Hindi Books Dewey Decimal Classification  
        Shahdara Branch Shahdara Branch 23/01/2019 BPPD/PUB 140.00   821 वाजपे B-075294 23/01/2019   140.00 23/01/2019 Hindi Books Dewey Decimal Classification Non-fiction

© Delhi Public Library
Hit Counter
free hit counter